| 000 | 00846cab a2200253 4500 | ||
|---|---|---|---|
| 001 | WB3325-35 | ||
| 008 | 090401t1997 xxu||||| |||| 00| 0 eng d | ||
| 035 | _a(Sirsi) u79174 | ||
| 041 | _aeng | ||
| 245 | _aFreehold fight | ||
| 260 | _c1997 | ||
| 350 | _a0 | ||
| 490 |
_aSunday Telegraph _v22 June 1997, B9(2) |
||
| 520 | _aLeaseholders continue to face huge problems when attempting to purchase the freehold of their property, as the recent three year struggle by tenants of Chiswick Village estate demonstrates. | ||
| 650 | _aCHISWICK VILLAGE | ||
| 650 | _aFREEHOLD PURCHASE | ||
| 650 | _aLEASEHOLD REFORM, HOUSING AND URBAN DEVELOPMENT ACT 1993 | ||
| 650 | _aLEASEHOLDERS | ||
| 650 | _aRIGHT OF FIRST REFUSAL | ||
| 650 | _aRIGHT TO BUY | ||
| 690 | _aLANDLORD AND TENANT-LEASEHOLD REFORM | ||
| 942 | _n0 | ||
| 948 | _c24/06/1997 | ||
| 999 |
_c49769 _d49769 |
||